Meat Geography! Quiz Stats

 Plays Quiz Updated Feb 23, 2012

Challenge
Share
Tweet
Embed
Score 0/100 Timer 03:00
4 Plays Today
Animal Product Country % Correct
PearlsUnited States
98.7%
Raw HidesUnited States
98.7%
FeathersUnited States
98.7%
EggsUnited States
98.6%
FishUnited States
98.7%
BeefUnited States
98.7%
PorkUnited States
98.7%
PoultryUnited States
98.6%
PearlsChina
97.1%
WoolChina
97.1%
SilkChina
97.1%
FurChina
97.1%
LeatherChina
97.1%
FeathersChina
97.1%
HoneyChina
97.1%
MolluscsChina
97.1%
FishChina
97.1%
LeatherFrance
93.6%
Milk & CreamFrance
93.6%
EggsFrance
93.6%
CheeseFrance
93.6%
PoultryFrance
93.6%
Live AnimalsFrance
93.6%
CrustaceansCanada
91.3%
Live AnimalsCanada
91.3%
PearlsJapan
90.4%
CheeseGermany
90.4%
BeefGermany
90.4%
WoolGermany
90.4%
SilkGermany
90.4%
LeatherGermany
90.4%
Raw HidesGermany
90.4%
FeathersGermany
90.4%
Milk & CreamGermany
90.4%
Animal Product Country % Correct
EggsGermany
90.4%
ButterGermany
90.4%
HoneyGermany
90.4%
PorkGermany
90.4%
Live AnimalsGermany
90.4%
BeefBrazil
90.1%
Raw HidesBrazil
90.1%
PoultryBrazil
90.1%
HoneyMexico
88.6%
MuttonUnited Kingdom
87.4%
CrustaceansIndia
85.4%
SilkIndia
85.4%
LeatherIndia
85.4%
BeefAustralia
85.1%
PearlsAustralia
85.1%
WoolAustralia
85.1%
MuttonAustralia
85.1%
Live AnimalsAustralia
85.1%
EggsSpain
85%
MolluscsSpain
85%
PorkSpain
85%
CheeseItaly
83.3%
WoolItaly
83.3%
SilkItaly
83.3%
FurItaly
83.3%
LeatherItaly
83.3%
Raw HidesItaly
83.3%
Raw HidesArgentina
81.9%
HoneyArgentina
81.9%
ButterNew Zealand
68.3%
WoolNew Zealand
68.3%
Milk & CreamNew Zealand
68.3%
MuttonNew Zealand
68.3%
FishChile
65.3%
Animal Product Country % Correct
FishNorway
63.1%
ButterIreland
61.7%
MuttonIreland
61.7%
PoultryPoland
58.5%
CrustaceansIndonesia
57%
FurGreece
56.6%
FurFinland
53.9%
PearlsSwitzerland
53%
FurDenmark
52.3%
CheeseDenmark
52.3%
PorkDenmark
52.3%
ButterNetherlands
51.3%
Milk & CreamNetherlands
51.3%
EggsNetherlands
51.3%
CheeseNetherlands
51.3%
BeefNetherlands
51.3%
PorkNetherlands
51.3%
PoultryNetherlands
51.3%
Live AnimalsNetherlands
51.3%
SilkSouth Korea
50.9%
MolluscsThailand
48.2%
CrustaceansThailand
48.2%
CrustaceansVietnam
46.9%
MolluscsVietnam
46.9%
FishVietnam
46.9%
ButterBelgium
43.5%
Milk & CreamBelgium
43.5%
MuttonBelgium
43.5%
FeathersHungary
27.7%
HoneyHungary
27.7%
FeathersTaiwan
24.6%
MolluscsMorocco
20.6%

You're not logged in!

Compare scores with friends on all Sporcle quizzes.
Join for Free
OR
Log In

You Might Also Like...

Show Comments

Extras

Top Quizzes Today


Score Distribution

Your Account Isn't Verified!

In order to create a playlist on Sporcle, you need to verify the email address you used during registration. Go to your Sporcle Settings to finish the process.

Report this User

Report this user for behavior that violates our Community Guidelines.

Details: